金偏の常用漢字 - Statistics

General Stats
  • This quiz has been taken 192 times
  • The average score is 8 of 31
Answer Stats
Answer % Correct
97%
93%
88%
58%
53%
46%
37%
35%
33%
33%
21%
19%
18%
17%
17%
15%
14%
13%
12%
12%
11%
10%
10%
8%
6%
6%
6%
5%
4%
4%
3%
No matching quizzes found
Score Distribution
Percent of People with Each Score
Percentile by Number Answered
Your Score History
You have not taken this quiz